Responses for Show #2073 - Wednesday, September 15, 1993

John Cuthbertson game 2.

Contestants

[<< previous game]

Michelle Fishman, a grad student from Staten Island, New York

Larry Poster, a tax accountant from San Diego, California

John Cuthbertson, a physicist originally from Liberty, Missouri (whose 1-day cash winnings total $18,400)

[next game >>]

Jeopardy! Round responses

FLOWERS & TREES
TV THEME SONGS
BEVERAGES
SHAKESPEARE
CLOCKS
POTPOURRI
    $100 26
white

Michelle
    $100 4
Mister Rogers' Neighborhood

Michelle
    $100 21
water

Michelle
    $100 1
Juliet

Michelle
    $100 16
an alarm clock

Michelle
    $100 2
stewardesses

John
    $200 27
a mayflower

Larry
    $200 5
Zorro

Michelle
    $200 22
nog

Larry
    $200 9
Rome

Larry
    $200 17
(Michelle: What is midnight?)

1:00

JohnMichelle
    $200 3
a toothbrush

Michelle
    $300 28
a horse chestnut

John
    $300 6
The Brady Bunch

John
    $300 23
(Alex: We caught you on an easy one, I think.)

V-8

Triple Stumper
    $300 10
[Larry omitted the leading article in his response.]

The Merchant of Venice

Larry
    $300 18
a time clock

Larry
    $300 12
mosquitos

John
    $400 29
the-pulpit

John
    $400 7
The Mary Tyler Moore Show

John
    $400 24
(Michelle: What is lime?)
(John: What is a juniper berry?)
...
(Alex: A slow--and I was--I thought, like you, John, that it was a berry, but it was a small [*]. I discovered that today.)

plum

JohnMichelle
Triple Stumper
    $400 11
players

Michelle
    $400 19
a cuckoo clock

Larry
    $400 14
the Dust Bowl

Michelle
    $1,000 30
(John: What is mahogany?)

a banyan tree

John
    $500 8
(Alex: Big country star, [*].)

Waylon Jennings

Triple Stumper
    $500 25
a frappe (or frappé)

Triple Stumper
    $500 13
the fairies

Larry
    $500 20
the biological clock

Larry
    $500 15
kendo

John

Scores at the first commercial break (after clue 15):

John Larry Michelle
$1,600 $1,000 $1,400

Scores at the end of the Jeopardy! Round:

John Larry Michelle
$1,100 $2,600 $1,100

Double Jeopardy! Round responses

"O"
CANADA
WORLD WAR II
ROCKS & MINERALS
SUPREME COURT JUSTICES
UNREAL ESTATE
    $200 4
omen

Larry
    $200 21
English & French

Michelle
    $200 1
[John selected the first clue.]

Winston Churchill

John
    $200 16
blue

Michelle
    $200 25
Sandra Day O'Connor

Michelle
    $200 9
Gulliver's Travels

Michelle
    $400 5
Ogden

Michelle
    $400 22
hockey

John
    $400 2
Rosie the Riveter

Larry
    $400 17
flint

Michelle
    $400 26
(Michelle: Um, who is Marshall?)

Washington

Michelle
Triple Stumper
    $400 10
Mississippi

Larry
    $600 6
a one-armed bandit

Michelle
    $600 23
the Klondike

Larry
    $600 3
Rommel

Michelle
    $600 18
coal

Larry
    $600 27
Clarence Thomas

John
    $600 11
(Alex: [*] Oaks, in Gone with the Wind, yes.)

twelve

Michelle
    $800 7
Oceania

John
    $500 24
(Larry: What is... Nova Scotia?)
(Alex: No. Sunrise at [*].)

Campobello

Larry
    $800 14
the Burma Road

John
    $800 19
asbestos

John
    $800 28
(John: Who is John Jay?)
...
(Alex: Now is the time for [*], yes.)

Marshall

JohnMichelle
    $800 12
Pride and Prejudice

Michelle
    $1000 8
an oxymoron

Michelle
    $1000 30
Prince Edward Island

John
    $1000 15
(Michelle: What is the Midway Islands?)

Guadalcanal

JohnMichelle
    $1000 20
meerschaum

John
    $500 29
(Michelle: [Shakes head] Don't know.)

Arthur Goldberg

Michelle
    $1000 13
(Lord) Tennyson

Larry

Scores at the end of the Double Jeopardy! Round:

John Larry Michelle
$6,900 $5,300 $5,200

[wagering suggestions for these scores]

Final Jeopardy! Round responses

IN THE NEWS
(Alex: We have had a clue about this country in the past in which we made the point that it was under the joint jurisdiction of two leaders.)
MichelleWhat is Monaco?
$1,000
LarryWhat is San Marino
$5,100
JohnWhat is Andorra?
$5,100
Andorra

Final scores:

John Larry Michelle
$12,000 $200 $4,200
2-day champion: $30,400 3rd place: Samsung Electronics 4-head VCR + Wheel of Fortune & Jeopardy! video games for the 16-bit Super Nintendo Entertainment System & the Sega Genesis system + Jeopardy! home game 2nd place: Daniel Mink his & her Bolero Collection watches + Stanley Blacker men's & women's fashions + Jeopardy! home game

Game dynamics:

Coryat scores:

John Larry Michelle
$7,900 $5,800 $5,700
17 R,
3 W
(including 1 DD)
14 R,
1 W
(including 1 DD)
21 R,
5 W
(including 1 DD)

Combined Coryat: $19,400

[game clues] [game scores] [suggest correction]

Game tape date: 1993-07-20
The J! Archive is created by fans, for fans. Scraping, republication, monetization, and malicious use prohibited; this site may use cookies and collect identifying information. See terms. The Jeopardy! game show and all elements thereof, including but not limited to copyright and trademark thereto, are the property of Jeopardy Productions, Inc. and are protected under law. This website is not affiliated with, sponsored by, or operated by Jeopardy Productions, Inc. Join the discussion at JBoard.tv.